00572cam a2200193 a 450000100060000000300080000600500170001400800410003103500290007203500180010104000420011904100080016108200200016910000310018924500450022026000510026530000270031660000350034318092BD-RjUL20211209000233.0140219s1949 nyu b 000 0 eng d a49-08094a(BD-RjUL)18150 a(OCoLC)726867 aDLCcWSUdm.cdOCLdEQOdBD-RjULbeng aeng a928.2bSTR 19491 aStearns, Marshall Winslow.10aRobert Henryson /c Marshall W. Stearns. aNew York :bColumbia University Press,cc1949. aviii, 155 p. :c21 cm.10aHenryson, Robert,d1430?-1506?